| 000 | 00387nam a2200157Ia 4500 | ||
|---|---|---|---|
| 008 | 230312s9999||||xx |||||||||||||| ||und|| | ||
| 020 | _a81-203-3904-0 | ||
| 082 |
_a005.43 _bTAN-M |
||
| 100 | _aTanenbaum;Andrew.S | ||
| 245 | 0 | _aModern Operating Systems | |
| 260 |
_bPHI _aIndia _c2 |
||
| 300 | _a1076 | ||
| 546 | _aEng. | ||
| 650 |
_aEngineering _vModern Operating Systems |
||
| 942 | _cBK | ||
| 999 |
_c8982 _d8982 |
||